000 00411nam a2200157Ia 4500
008 240729s9999 xx 000 0 und d
022 _a2050-3679
245 4 _aThe Open Arts Journal
260 _aUnited Kingdom
260 _bThe Open University
650 _a Arts in general
650 _aFine Arts
856 _uhttps://doaj.org/toc/7dc97b490022417cadbfd0524f79ad44
942 _2ddc
942 _cDOAJEJ
999 _c68256
_d68256
945 _a1
_bMadushi Gamage
_c1
_dMadushi Gamage